书目信息 |
| 题名: |
各国语言手册
|
|
| 作者: | 黄长著 编著 | |
| 分册: | ||
| 出版信息: | 重庆 重庆出版社 2000.1 |
|
| 页数: | 721页 | |
| 开本: | 20cm | |
| 丛书名: | ||
| 单 册: | ||
| 中图分类: | H004 | |
| 科图分类: | ||
| 主题词: | 语言学 | |
| 电子资源: | ||
| ISBN: | 7-5366-1180-3 | |
| 000 | 00604nam0 2200217 45 | |
| 001 | 0112101169 | |
| 005 | 20031219104051.8 | |
| 010 | @a7-5366-1180-3@b精装@dCNY29.80 | |
| 100 | @a20011210d2000 km y0chiy0120 ea | |
| 101 | 0 | @achi |
| 105 | @ac z 000yy | |
| 200 | 1 | @a各国语言手册@AGe Guo Yu Yan Shou Ce@f黄长著编著@FHuang Chang Zhu Bian Zhu |
| 205 | @a2版@b修订增补本 | |
| 210 | @a重庆@c重庆出版社@d2000.1 | |
| 215 | @a721页@c彩照@d20cm | |
| 300 | @a附作者小传 | |
| 606 | 0 | @a语言学 |
| 690 | @aH004@v4 | |
| 701 | 0 | @a黄长著@4编著 |
| 801 | @aCN@bTSTC@c20011210 | |
| 905 | @f2@b301379-380@dH004@e88=2 | |
| 各国语言手册/黄长著编著.-2版,修订增补本.-重庆:重庆出版社,2000.1 |
| 721页:彩照;20cm |
| 附作者小传 |
| ISBN 7-5366-1180-3(精装):CNY29.80 |
| ● |
| 相关链接 |
|
|
|
|
正题名:各国语言手册
索取号:H004/88=2
 
预约/预借
| 序号 | 登录号 | 条形码 | 馆藏地/架位号 | 状态 | 备注 |
| 1 | 0301379 | 203013791 | 工具书阅览室/ [索取号:H004/88=2] | 在馆 | |
| 2 | 0301380 | 203013808 | 第二样本阅览室/ [索取号:H004/88=2] | 在馆 |